000 00387pam a2200157 a 4500
020 _a3131276118
_c
041 _h
082 _a617.3
_bJUP/RIN
100 _aJUPITER J.B., RING D.C.
245 _aAO MANUAL OF FRACTURE MANAGEMENT : HAND AND WRIST + CD
_hTextual Documents
250 _a1.
260 _bTHIEME
_c2005
300 _a342:
_bXVI;
_cHB.
930 _a5593
999 _c800120
_d800120
650 _aORTHO